000
00261nam a2200121Ia 4500
008
190216s9999||||xx |||||||||||||| ||und||
100
_a
Kotpal R L
245
0
_a
Helminthes
260
_b
Rasthogi Pub
_c
1981
300
_a
271p
650
_a
Zoology
942
_c
BK
999
_c
37402
_d
37402